[Event "Bunratty Online"]
[Site "Chess.com INT"]
[Date "2021.02.20"]
[Round "4"]
[White "Scallan, Fiachra"]
[Black "Carey, Paul"]
[Result "1-0"]
[WhiteElo "1879"]
[BlackElo "1948"]
[PlyCount "83"]
[EventDate "2021.02.20"]
[EventType "swiss (blitz)"]
[EventRounds "9"]
[EventCountry "IRL"]
[SourceTitle "CBM 200 Extra"]
[Source "ChessBase"]
[SourceDate "2021.03.31"]
[SourceVersion "1"]
[SourceVersionDate "2021.03.31"]
[SourceQuality "1"]

1. e4 d5 2. exd5 Qxd5 3. Nf3 c6 4. d4 Bg4 5. Be2 Nd7 6. c4 Qa5+ 7. Nc3 e6 8. Be3 Ngf6 9. a3 h6 10. b4 Qc7 11. Qb3 Bf5 12. 0-0 Be7 13. a4 0-0 14. a5 a6 15. Na4 Rfe8 16. c5 Rad8 17. Bc4 Nd5 18. Rfe1 N7f6 19. Ne5 Nxe3 20. fxe3 Nd5 21. e4 f6 22. Nf3 Bxe4 23. Rxe4 Bf8 24. Rae1 Kf7 25. Nb6 g5 26. h4 Bg7 27. h5 Re7 28. Qb1 Rde8 29. R4e2 Kg8 30. Qg6 Nf4 31. Qe4 Nxe2+ 32. Rxe2 f5 33. Qe3 Qf4 34. Qxf4 gxf4 35. Ne5 Bxe5 36. dxe5 Kf7 37. Rf2 Rd8 38. Rxf4 Rg8 39. Rxf5+ Ke8 40. Rf6 Rf7 41. Rxe6+ Kf8 42. Rd6 1-0

[Event "Bunratty Online"]
[Site "Chess.com INT"]
[Date "2021.02.20"]
[Round "5"]
[White "Scallan, Fiachra"]
[Black "Pert, Richard G"]
[Result "0-1"]
[WhiteElo "1879"]
[BlackElo "2416"]
[PlyCount "50"]
[EventDate "2021.02.20"]
[EventType "swiss (blitz)"]
[EventRounds "9"]
[EventCountry "IRL"]
[SourceTitle "CBM 200 Extra"]
[Source "ChessBase"]
[SourceDate "2021.03.31"]
[SourceVersion "1"]
[SourceVersionDate "2021.03.31"]
[SourceQuality "1"]

1. e4 c5 2. Nf3 d6 3. Bd3 Nc6 4. c3 g6 5. Bc2 Bg7 6. d4 cxd4 7. cxd4 Bg4 8. Be3 Bxf3 9. gxf3 Nf6 10. Nc3 0-0 11. Qd2 e5 12. d5 Nd4 13. Bxd4 exd4 14. Ne2 Nh5 15. 0-0-0 Rc8 16. Kb1 Qf6 17. Nxd4 Nf4 18. Bb3 a6 19. a4 Rc7 20. Ne2 Nd3 21. Nc3 Nxb2 22. Qxb2 Rxc3 23. Ka2 Rfc8 24. Rd2 Qxf3 25. Qa3 Qxh1 0-1

[Event "Dublin St Andrews op-A"]
[Site "Dublin"]
[Date "2019.09.22"]
[Round "4"]
[White "Scallan, Fiachra"]
[Black "Moran, Darragh"]
[Result "1-0"]
[WhiteElo "1818"]
[BlackElo "1888"]
[PlyCount "57"]
[EventDate "2019.09.20"]
[EventType "swiss"]
[EventRounds "5"]
[EventCountry "IRL"]
[SourceTitle "EXT 2020"]
[Source "ChessBase"]
[SourceDate "2019.10.17"]
[SourceVersion "1"]
[SourceVersionDate "2019.10.17"]
[SourceQuality "1"]

1. b3 d5 2. Bb2 Nf6 3. e3 Bg4 4. Be2 Bxe2 5. Qxe2 c6 6. f4 e6 7. Nf3 Nbd7 8. 0-0 Be7 9. d3 0-0 10. Nbd2 Rc8 11. h3 Ne8 12. e4 dxe4 13. dxe4 Bf6 14. e5 Be7 15. Rad1 Qb6+ 16. Bd4 Bc5 17. Nc4 Bxd4+ 18. Rxd4 Qc7 19. Ng5 Nb6 20. Qd3 g6 21. Nxb6 Qxb6 22. Kh1 Nc7 23. Rd7 Na6 24. Qg3 Rcd8 25. Qh4 h5 26. Re7 Qb4 27. Nxe6 fxe6 28. Qg5 Qe4 29. f5 1-0

[Event "Dublin St Andrews op-A"]
[Site "Dublin"]
[Date "2019.09.20"]
[Round "1"]
[White "Carroll, Peter"]
[Black "Scallan, Fiachra"]
[Result "1/2-1/2"]
[WhiteElo "2100"]
[BlackElo "1818"]
[PlyCount "65"]
[EventDate "2019.09.20"]
[EventType "swiss"]
[EventRounds "5"]
[EventCountry "IRL"]
[SourceTitle "EXT 2020"]
[Source "ChessBase"]
[SourceDate "2019.10.17"]
[SourceVersion "1"]
[SourceVersionDate "2019.10.17"]
[SourceQuality "1"]

1. d4 d5 2. Nc3 Nf6 3. Bf4 a6 4. e3 c5 5. dxc5 e6 6. Na4 Bxc5 7. Nxc5 Qa5+ 8. c3 Qxc5 9. Bd3 Nc6 10. Nf3 Qe7 11. Ne5 Nd7 12. Nxc6 bxc6 13. Qg4 g6 14. Bh6 Ne5 15. Qe2 Nxd3+ 16. Qxd3 e5 17. e4 Bb7 18. 0-0-0 0-0-0 19. exd5 cxd5 20. Rhe1 f6 21. Be3 Qc7 22. Kb1 Kb8 23. f3 Bc8 24. Ka1 Qa5 25. c4 d4 26. Qb3+ Ka7 27. Bd2 Qc7 28. Qa3 Rde8 29. c5 Qc6 30. Ba5 Be6 31. Bb6+ Kb7 32. Rc1 Bd5 33. Re2 1/2-1/2

[Event "Dublin Irish op"]
[Site "Dublin"]
[Date "2019.04.21"]
[Round "7"]
[White "Larter, Nick J"]
[Black "Scallan, Fiachra"]
[Result "1/2-1/2"]
[WhiteElo "1830"]
[BlackElo "1899"]
[PlyCount "94"]
[EventDate "2019.04.17"]
[EventType "swiss"]
[EventRounds "9"]
[EventCountry "IRL"]
[SourceTitle "CBM 189 Extra"]
[Source "ChessBase"]
[SourceDate "2019.06.03"]
[SourceVersion "1"]
[SourceVersionDate "2019.06.03"]
[SourceQuality "1"]

1. c4 e5 2. Nc3 Nf6 3. g3 d5 4. cxd5 Nxd5 5. Bg2 Nb6 6. d3 Be7 7. f4 exf4 8. Bxf4 Nc6 9. Nf3 0-0 10. 0-0 Be6 11. Qd2 Qd7 12. Ne4 Nd5 13. Ne5 Nxe5 14. Bxe5 f6 15. Bd4 Nf4 16. Rxf4 Qxd4+ 17. e3 Qb6 18. b3 Bb4 19. Nxf6+ Rxf6 20. Rxb4 Qa5 21. Qe1 Bd5 22. Rf4 Qxe1+ 23. Rxe1 Rd6 24. Rd4 Rad8 25. Bxd5+ Rxd5 26. Rxd5 Rxd5 27. Rd1 a5 28. e4 Rc5 29. Rd2 b5 30. Kf2 a4 31. bxa4 bxa4 32. Ke3 a3 33. Kd4 Rb5 34. Kc3 Kf7 35. d4 Ke6 36. Rf2 h6 37. h4 Rb7 38. g4 Rb1 39. g5 hxg5 40. hxg5 c6 41. g6 Rg1 42. Kb3 Rxg6 43. Kxa3 Rg1 44. Re2 Rd1 45. Rc2 Rxd4 46. Rxc6+ Kf7 47. Rc7+ Ke8 1/2-1/2

[Event "Dublin Irish op"]
[Site "Dublin"]
[Date "2019.04.21"]
[Round "8"]
[White "Scallan, Fiachra"]
[Black "Phelan, Leo"]
[Result "1/2-1/2"]
[WhiteElo "1899"]
[BlackElo "1708"]
[PlyCount "84"]
[EventDate "2019.04.17"]
[EventType "swiss"]
[EventRounds "9"]
[EventCountry "IRL"]
[SourceTitle "CBM 189 Extra"]
[Source "ChessBase"]
[SourceDate "2019.06.03"]
[SourceVersion "1"]
[SourceVersionDate "2019.06.03"]
[SourceQuality "1"]

1. e4 c5 2. Nf3 e6 3. c3 Nf6 4. Bd3 Nc6 5. Bc2 d5 6. e5 Nd7 7. d4 Qb6 8. 0-0 Be7 9. a3 0-0 10. b4 cxd4 11. cxd4 f6 12. Qd3 f5 13. Nc3 Re8 14. g4 Nf8 15. gxf5 exf5 16. Nxd5 Qd8 17. Nxe7+ Qxe7 18. Bg5 Qd7 19. Kh1 b6 20. Ba4 Bb7 21. Qc4+ Qe6 22. Qxe6+ Rxe6 23. d5 Nxe5 24. dxe6 Nxf3 25. Be3 Nxe6 26. Rfd1 f4 27. Bc1 b5 28. Bxb5 Nfd4+ 29. Kg1 Nxb5 30. Bb2 Kf8 31. h4 Rc8 32. Rac1 Rxc1 33. Rxc1 a6 34. Kh2 Nbd4 35. Kh3 f3 36. Rd1 Ne2 37. Rd7 Bc6 38. Rd6 Bb5 39. Kg4 N2f4 40. Kxf3 Ke7 41. Rd2 h6 42. Be5 Nd3 1/2-1/2

[Event "Dublin Irish op"]
[Site "Dublin"]
[Date "2019.04.19"]
[Round "4"]
[White "Scallan, Fiachra"]
[Black "Menzies, Colin"]
[Result "0-1"]
[WhiteElo "1899"]
[BlackElo "2183"]
[PlyCount "62"]
[EventDate "2019.04.17"]
[EventType "swiss"]
[EventRounds "9"]
[EventCountry "IRL"]
[SourceTitle "CBM 189 Extra"]
[Source "ChessBase"]
[SourceDate "2019.06.03"]
[SourceVersion "1"]
[SourceVersionDate "2019.06.03"]
[SourceQuality "1"]

1. e4 c6 2. d4 d5 3. Nd2 dxe4 4. Nxe4 Bf5 5. Ng3 Bg6 6. h4 h6 7. Nh3 e6 8. Nf4 Bh7 9. Bc4 Ne7 10. c3 Nd5 11. Qh5 Bd6 12. Bxd5 cxd5 13. Qg4 Kf8 14. Ngh5 Rg8 15. 0-0 Bf5 16. Qf3 Qxh4 17. g3 Qg4 18. Qg2 Bxf4 19. Nxf4 Bh7 20. Nxd5 exd5 21. Qxd5 g5 22. Re1 Nc6 23. b3 Kg7 24. Bb2 Rge8 25. Qg2 Be4 26. Qh2 f6 27. Re3 Bf3 28. Rae1 Rxe3 29. Rxe3 Qf5 30. Re1 Re8 31. Rf1 h5 0-1

[Event "Hessen-chA"]
[Site "Frankfurt"]
[Date "2018.05.12"]
[Round "6"]
[White "Scallan, Fiachra"]
[Black "Kuerschner, Matthias"]
[Result "1-0"]
[WhiteElo "1949"]
[BlackElo "2021"]
[PlyCount "143"]
[EventDate "2018.05.10"]
[EventType "swiss"]
[EventRounds "7"]
[EventCountry "GER"]
[SourceTitle "EXT 2019"]
[Source "ChessBase"]
[SourceDate "2018.10.10"]
[SourceVersion "1"]
[SourceVersionDate "2018.10.10"]
[SourceQuality "1"]

1. e4 c5 2. Nf3 Nc6 3. d4 cxd4 4. Nxd4 g6 5. Nc3 Bg7 6. Be3 Nf6 7. Bc4 Qa5 8. 0-0 d6 9. f3 0-0 10. Bb3 Qc7 11. Qd2 a6 12. Rad1 Re8 13. Rfe1 Na5 14. Bh6 Nxb3 15. cxb3 Bh8 16. Rc1 Qa5 17. a3 Bd7 18. b4 Qd8 19. Bg5 Rc8 20. Nc2 Be6 21. Ne3 b5 22. Ncd5 Nxd5 23. Rxc8 Bxc8 24. Nxd5 Be6 25. Rc1 Bxd5 26. exd5 Qb6+ 27. Be3 Qb7 28. Rc6 e6 29. Rxd6 exd5 30. Bc5 d4 31. Bxd4 Bxd4+ 32. Rxd4 Qb6 33. Kf1 Qe6 34. Re4 Qc6 35. Qc3 Qd7 36. Qd4 Qxd4 37. Rxd4 Re6 38. Kf2 h5 39. b3 Kg7 40. a4 Kf6 41. Rd5 Rb6 42. axb5 Rxb5 43. Rd4 Ke5 44. Ke3 a5 45. bxa5 Rxa5 46. Rd2 Rb5 47. Rb2 Rb4 48. Kd3 Kd5 49. Kc3 Kc5 50. Re2 Rb7 51. Re5+ Kd6 52. Re4 Kd5 53. Rd4+ Kc5 54. b4+ Kc6 55. Kc4 Rc7 56. g4 Kb6+ 57. Kd3 hxg4 58. fxg4 Kb5 59. h4 Rc1 60. Rf4 Rc7 61. h5 gxh5 62. gxh5 f5 63. h6 Rh7 64. Rxf5+ Kxb4 65. Rh5 Rd7+ 66. Ke4 Rh7 67. Kf5 Rc7 68. h7 Rc5+ 69. Kg6 Rc6+ 70. Kg7 Rc7+ 71. Kf6 Rc6+ 72. Ke7 1-0

[Event "Hessen-chA"]
[Site "Frankfurt"]
[Date "2018.05.10"]
[Round "2"]
[White "Flach, Erich"]
[Black "Scallan, Fiachra"]
[Result "1-0"]
[WhiteElo "2127"]
[BlackElo "1949"]
[PlyCount "77"]
[EventDate "2018.05.10"]
[EventType "swiss"]
[EventRounds "7"]
[EventCountry "GER"]
[SourceTitle "EXT 2019"]
[Source "ChessBase"]
[SourceDate "2018.10.10"]
[SourceVersion "1"]
[SourceVersionDate "2018.10.10"]
[SourceQuality "1"]

1. c4 e5 2. g3 Nf6 3. Bg2 d5 4. cxd5 Nxd5 5. Nc3 Nb6 6. Nf3 Nc6 7. 0-0 Be7 8. a3 Be6 9. b4 a5 10. b5 Nd4 11. Nxd4 exd4 12. Na4 Nd5 13. Bb2 Bf6 14. Nc5 0-0 15. Rc1 Re8 16. Re1 b6 17. Nxe6 fxe6 18. Qa4 Qe7 19. Rc4 Rad8 20. Bxd4 Bxd4 21. Rxd4 Nf6 22. Rxd8 Rxd8 23. d4 e5 24. dxe5 Qxe5 25. Bf3 Rd2 26. Rc1 Rb2 27. Qc4+ Kf8 28. a4 Nd7 29. Qh4 Nf6 30. Qc4 Nd7 31. Rd1 Rb4 32. Qc6 Nf6 33. Rd8+ Kf7 34. Rc8 Qa1+ 35. Kg2 Rb1 36. Rxc7+ Kg6 37. Be4+ Kh6 38. Bxb1 Qxb1 39. Qc1+ 1-0

[Event "World Amateur-ch U2000"]
[Site "Cagliari"]
[Date "2018.04.28"]
[Round "8"]
[White "Scallan, Fiachra"]
[Black "Bowman, Richard L"]
[Result "1/2-1/2"]
[WhiteElo "1949"]
[BlackElo "1802"]
[PlyCount "55"]
[EventDate "2018.04.22"]
[EventType "swiss"]
[EventRounds "9"]
[EventCountry "ITA"]
[SourceTitle "CBM 184 Extra"]
[Source "ChessBase"]
[SourceDate "2018.06.28"]
[SourceVersion "1"]
[SourceVersionDate "2018.06.28"]
[SourceQuality "1"]

1. e4 c5 2. Nf3 a6 3. c3 e6 4. d4 d5 5. e5 Nc6 6. Bd3 Nge7 7. 0-0 Ng6 8. Re1 Bd7 9. a3 Qb6 10. dxc5 Bxc5 11. Qc2 Qc7 12. Bxg6 hxg6 13. Bf4 b5 14. Nbd2 Be7 15. Nb3 Rh5 16. Bg3 Rc8 17. Qe2 Na5 18. Nxa5 Qxa5 19. Nd4 Bh4 20. Bxh4 Rxh4 21. Qe3 Qd8 22. Qg3 Rh6 23. Re3 Qh4 24. Qxh4 Rxh4 25. b4 Ke7 26. Nb3 Rcc4 27. Nc5 a5 28. Rd1 1/2-1/2

[Event "World Amateur-ch U2000"]
[Site "Cagliari"]
[Date "2018.04.24"]
[Round "4"]
[White "Salerni, Guido"]
[Black "Scallan, Fiachra"]
[Result "1/2-1/2"]
[WhiteElo "1680"]
[BlackElo "1949"]
[PlyCount "59"]
[EventDate "2018.04.22"]
[EventType "swiss"]
[EventRounds "9"]
[EventCountry "ITA"]
[SourceTitle "CBM 184 Extra"]
[Source "ChessBase"]
[SourceDate "2018.06.28"]
[SourceVersion "1"]
[SourceVersionDate "2018.06.28"]
[SourceQuality "1"]

1. Nf3 d5 2. g3 Nf6 3. Bg2 g6 4. b3 Bg7 5. Bb2 0-0 6. 0-0 e6 7. d3 b5 8. c4 bxc4 9. dxc4 c6 10. Nbd2 Bb7 11. Rc1 Nbd7 12. Rc2 Rc8 13. Qa1 c5 14. e3 Qe7 15. Rfc1 Ne8 16. Bxg7 Nxg7 17. Ne5 Rfd8 18. Ndf3 f6 19. Nxd7 Rxd7 20. Qb2 e5 21. cxd5 Bxd5 22. Nd2 Bxg2 23. Kxg2 Ne6 24. Rc4 Rdc7 25. Ne4 Rc6 26. Qc3 R6c7 27. Nd2 Qd6 28. Ne4 Qd5 29. Kg1 Kf7 30. Qc2 1/2-1/2

[Event "Palic Karadzic Memorial op"]
[Site "Palic"]
[Date "2017.10.28"]
[Round "1"]
[White "Scallan, Fiachra"]
[Black "Blagojevic, Tijana"]
[Result "1/2-1/2"]
[WhiteElo "1886"]
[BlackElo "2266"]
[PlyCount "76"]
[EventDate "2017.10.28"]
[EventType "swiss"]
[EventRounds "9"]
[EventCountry "SRB"]
[SourceTitle "CBM 181 Extra"]
[Source "ChessBase"]
[SourceDate "2017.12.12"]
[SourceVersion "1"]
[SourceVersionDate "2017.12.12"]
[SourceQuality "1"]

1. e4 e5 2. Nf3 Nc6 3. Bc4 Bc5 4. c3 Nf6 5. d3 0-0 6. Bb3 d5 7. Qe2 Be6 8. Nbd2 Re8 9. 0-0 a6 10. exd5 Bxd5 11. Bxd5 Qxd5 12. Ne4 Be7 13. Bg5 Nd7 14. Rfd1 Rad8 15. Bxe7 Nxe7 16. Nfg5 h6 17. Nf3 Ng6 18. Ng3 c5 19. Qc2 Nf4 20. Ne2 Ne6 21. d4 cxd4 22. cxd4 exd4 23. Nfxd4 Nxd4 24. Nxd4 Nb6 25. Nf5 Qb5 26. Rxd8 Rxd8 27. Ne3 Re8 28. Qb3 Qc5 29. Rd1 a5 30. h3 a4 31. Qd3 Qe5 32. Qd4 Qa5 33. Nd5 Nxd5 34. Qxd5 Qxd5 35. Rxd5 Re1+ 36. Kh2 Rb1 37. Rd2 Kf8 38. Kg3 Ke7 1/2-1/2

[Event "Glorney Cup"]
[Site "Cardiff"]
[Date "2017.07.26"]
[Round "5.12"]
[White "Scallan, Fiachra"]
[Black "Gray, Euan"]
[Result "1-0"]
[WhiteElo "1888"]
[BlackElo "1994"]
[PlyCount "91"]
[EventDate "2017.07.24"]
[EventType "team-tourn"]
[EventRounds "5"]
[EventCountry "WLS"]
[SourceTitle "CBM 179 Extra"]
[Source "ChessBase"]
[SourceDate "2017.08.23"]
[SourceVersion "1"]
[SourceVersionDate "2017.08.23"]
[SourceQuality "1"]
[WhiteTeam "Ireland II"]
[BlackTeam "Scotland"]
[WhiteTeamCountry "IRL"]
[BlackTeamCountry "SCO"]

1. e4 e5 2. Nf3 Nc6 3. Bc4 Nf6 4. d3 Bc5 5. c3 d6 6. Bb3 a6 7. 0-0 h6 8. Be3 Ba7 9. Re1 0-0 10. Nbd2 Ne7 11. Bxa7 Rxa7 12. d4 Ng6 13. dxe5 dxe5 14. Qe2 Qe7 15. g3 b5 16. Nf1 c6 17. Bc2 Be6 18. Ne3 Rd8 19. a4 Raa8 20. axb5 axb5 21. b4 Nd7 22. h4 f6 23. h5 Ngf8 24. Nh4 Nb6 25. Nhf5 Qc7 26. Kg2 Nc4 27. Bd3 Rxa1 28. Rxa1 Nxe3+ 29. Qxe3 Bxf5 30. exf5 Nd7 31. Be4 c5 32. Qd3 Nb6 33. Qxb5 cxb4 34. Qxb4 Nd5 35. Bxd5+ Rxd5 36. c4 Rd8 37. Qb5 Rb8 38. Qd5+ Kh7 39. c5 Rd8 40. Qc4 Rd4 41. Qc3 Qc6+ 42. Kh2 Qe8 43. Qf3 Rc4 44. Ra8 Qd7 45. Qb3 Qf7 46. Qb8 1-0

[Event "Glorney Cup"]
[Site "Cardiff"]
[Date "2017.07.25"]
[Round "3.7"]
[White "Scallan, Fiachra"]
[Black "Brewer, Callum D"]
[Result "0-1"]
[WhiteElo "1888"]
[BlackElo "2015"]
[PlyCount "80"]
[EventDate "2017.07.24"]
[EventType "team-tourn"]
[EventRounds "5"]
[EventCountry "WLS"]
[SourceTitle "CBM 179 Extra"]
[Source "ChessBase"]
[SourceDate "2017.08.23"]
[SourceVersion "1"]
[SourceVersionDate "2017.08.23"]
[SourceQuality "1"]
[WhiteTeam "Ireland II"]
[BlackTeam "England"]
[WhiteTeamCountry "IRL"]
[BlackTeamCountry "ENG"]

1. e4 c6 2. d4 d5 3. Nc3 dxe4 4. Nxe4 Nd7 5. Ng5 Ngf6 6. N1f3 e6 7. Bd3 Bd6 8. Qe2 h6 9. Ne4 Nxe4 10. Qxe4 Qc7 11. Qg4 Kf8 12. 0-0 b6 13. b3 Bb7 14. Bb2 Nf6 15. Qh3 Nd5 16. Rae1 Nf4 17. Qh4 c5 18. dxc5 bxc5 19. Re3 Be7 20. Qg3 Bf6 21. Be5 Bxe5 22. Nxe5 g5 23. Be4 Rd8 24. Bxb7 Qxb7 25. Nd3 Rd4 26. Rfe1 Qc7 27. Re4 Rxe4 28. Rxe4 Qc6 29. Qf3 Nxd3 30. Qxd3 Ke7 31. Qe2 Rd8 32. Rc4 Qa6 33. Qf1 Rd4 34. Rxc5 Qd6 35. Ra5 Rd1 36. Rxa7+ Kf6 37. g3 Rxf1+ 38. Kxf1 Qd1+ 39. Kg2 Qxc2 40. b4 Qe4+ 0-1

[Event "Robinson Cup U14"]
[Site "Enfield"]
[Date "2015.07.21"]
[Round "3.5"]
[White "Scallan, Fiachra"]
[Black "Forster, Matthew"]
[Result "1/2-1/2"]
[WhiteElo "1706"]
[BlackElo "1669"]
[PlyCount "65"]
[EventDate "2015.07.20"]
[EventType "team-tourn"]
[EventRounds "6"]
[EventCountry "IRL"]
[SourceTitle "EXT 2023"]
[Source "ChessBase"]
[SourceDate "2022.10.05"]
[SourceVersion "1"]
[SourceVersionDate "2022.10.05"]
[SourceQuality "1"]
[WhiteTeam "Ireland U14"]
[BlackTeam "England U14"]
[WhiteTeamCountry "IRL"]
[BlackTeamCountry "ENG"]

1. e4 c5 2. Nf3 g6 3. d4 cxd4 4. Nxd4 Nc6 5. Be3 Bg7 6. Bc4 Nf6 7. Nc3 Qa5 8. 0-0 0-0 9. a3 Nxe4 10. Nxe4 d5 11. Nb3 Qc7 12. Bxd5 Rd8 13. Bxf7+ Kxf7 14. Qf3+ Kg8 15. c3 Rf8 16. Qe2 Bf5 17. Ng3 Be6 18. Nc5 Bf7 19. Rfd1 Ne5 20. Bd4 Bc4 21. Qe4 b6 22. Bxe5 Qxc5 23. Bd4 Bxd4 24. Qxd4 Qxd4 25. Rxd4 Bb3 26. Re1 e6 27. Ne4 Rad8 28. Nf6+ Kg7 29. Nd7 Bd5 30. Ree4 Bb3 31. Re1 Bd5 32. Rb4 Bb3 33. Rd4 1/2-1/2